| 000 | 01733nam a22003257a 4500 | ||
|---|---|---|---|
| 999 |
_c22088 _d22088 |
||
| 003 | AR-CdUCM | ||
| 008 | 190425b ||||| |||| 00| 0 spa d | ||
| 040 |
_aMUNICIPALIDAD PROVINCIAL DEL CUSCO _cBIBLIOTECA MUNICIPAL DEL CUSCO |
||
| 082 | _aParlante/N°86/2005 | ||
| 110 |
_aCentro Guamán Poma de Ayala _920511 |
||
| 245 |
_aParlante : _bRevista del Cusco / |
||
| 260 |
_aCusco : _bCentro de Educación y Comunicación Guamán Poma de Ayala, _c2006. |
||
| 300 |
_a32 páginas. : _bilustraciones ; _c30 cm. |
||
| 440 |
_aParlante revista del Cusco. _nAño 20, N°86, diciembre 2005. _947409 |
||
| 505 | _aContenido: Un año mas en la mira, encuesta parlante. -- La diáspora peruana. Mair Fernández. -- Demasiado jóvenes para decidir demasiado viejos para soñar. Juan Carlos González García de Castro. -- Casa de acogida para victimas de violencia familiar. Magaly Arrayan Bonett. -- Escuela de lideres mas de diez años inculcando valores éticos y democráticos. María Fernández. -- De visita por España historia de una pasantía en gestión del desarrollo. Juan Igor Elorrieta. -- Los trapitos sucios se lavan en casa. Omar Paredes... | ||
| 650 |
_aActualidad y política _947410 |
||
| 650 |
_aGobiernos locales _98462 |
||
| 650 |
_aCentro Histórico Cusco _946767 |
||
| 650 |
_aProducción y recursos _947394 |
||
| 650 |
_aEducación y cultura _99103 |
||
| 700 |
_aGonzález García de Castro, Juan Carlos _947411 |
||
| 700 |
_aArrayan Bonett, Magaly _947412 |
||
| 700 |
_aFernández, María _943514 |
||
| 700 |
_aElorrieta, Igor Juan _947413 |
||
| 700 |
_aPeralta, Adriana _947414 |
||
| 700 |
_aKoechin, José _947415 |
||
| 700 |
_aCentro Guamán Poma de Ayala _947408 |
||
| 942 |
_2ddc _cPP |
||
| 945 | _avhl | ||